Zabezpečovací prevod práva - nová úprava

Osoby vystupujúce pri zabezpečovacom prevode práva. Predmet zabezpečovacieho prevodu práva. Kontroverzný charakter zabezpečovacieho prevodu práva. Zmluva o zabezpečovacom prevode práva. Povinnosti veriteľa a dlžníka po prevode práva.

Salvato in:
Dettagli Bibliografici
Autore principale: Fekete, Imrich
Natura: Capitolo di libro
Lingua:slovacco
Soggetti:
Tags: Aggiungi Tag
Nessun Tag, puoi essere il primo ad aggiungerne!!

MARC

LEADER 00000naa$a2200000$$$4500
001 0086052
005 20231120082741.9
041 0 |a slo 
044 |a SK 
245 1 0 |a Zabezpečovací prevod práva - nová úprava  |c Imrich Fekete 
520 |a Osoby vystupujúce pri zabezpečovacom prevode práva. Predmet zabezpečovacieho prevodu práva. Kontroverzný charakter zabezpečovacieho prevodu práva. Zmluva o zabezpečovacom prevode práva. Povinnosti veriteľa a dlžníka po prevode práva. 
610 2 0 |a prevod práva zaisťovací 
610 2 0 |a úpravy právne 
610 2 0 |a veritelia 
610 2 0 |a dlžníci 
100 1 |a Fekete, Imrich